000 00672nam a2200229Ia 4500
005 20240219110125.0
008 140110s9999 xx 000 0 und d
020 _a9788183640459
_cRs.6600.00(set)
040 _aLoreto College
041 _aEnglish
082 _a370.954
_bJAI
245 _aEncyclopedia of Education (Vol.1),
_cEdited by M.K.Jain, J.C Aggarwal
250 _aDevelopment of education system in India
260 _aDelhi
_bAnshah publishing house
_c2010
300 _a374p.
504 _aIncludes index
650 _aIndia-Education-History
651 _aEducation-India-History
700 _aJain,M.K.,ed.
850 _aLCLIB
942 _cBK
999 _c36578
_d87057